000 01355nam1a2200289 i 4500
001 RU\NLR\bibl\136891
005 20241103082047.0
035 _a(NLR Aleph) 000134089
090 _a766347
_c766347
100 _a20010223g19979999u y0rusy50 ca
101 0 _arus
102 _aRU
105 _ay |||||||||
200 1 _aОсновы социологии
_eУчеб. пособие для студентов оч. и заоч. форм обучения всех спец.
_fИ.С. Виноградов, Д.Б. Думаревский
_gМ-во трансп. рос. Федерации, Служба реч. флота РФ, Волж. гос. акад. вод. трансп. Каф. гуманит. и социал. наук
210 _aН.Новгород
_cВГАВТ
_d1997
215 _d20
463 0 _100153676
606 _aСоциология
_jРуководства, пособия и т.п. для высшей школы
_9893563
_3RU\NLR\auth\663357
606 _aСоциология
_jУчебные издания для высшей школы
_9893563
_3RU\NLR\auth\663357
686 _aС5я73
700 1 _aВиноградов
_bИ. С.
_4070
701 1 _aДумаревский
_bД. Б.
_4070
801 0 _aRU
_bNLR
_c20010223
_gPSBO
801 1 _aRU
_bNLR
_c20010223
852 _aNLR
_j2000-4/9884
942 _cBOOK